| 000 | 00493nam a22001577a 4500 | ||
|---|---|---|---|
| 003 | OSt | ||
| 005 | 20150905102857.0 | ||
| 008 | 150905b xxu||||| |||| 00| 0 eng d | ||
| 040 | _cRUA | ||
| 082 | _aAGR សេង 1992 B003 Or.1 | ||
| 100 |
_911 _aសេង វ៉ាង |
||
| 245 | _aកសិកម្មសមស្របក្នុងលក្ខ័ខ័ណ្ឌមណ្ឌលកប់ស្រូវ | ||
| 260 |
_aPhnom Penh _bRUA _c1992 |
||
| 300 |
_a52p. _bill. _c29cm. |
||
| 942 |
_2ddc _cAGR |
||
| 999 |
_c9 _d9 |
||